Nociones de Geometría analítica / (Record no. 83425)

MARC details
000 -LEADER
campo de control de longitud fija 00568nam a2200169 i 4500
001 - NÚMERO DE CONTROL
campo de control 83425
003 - IDENTIFICADOR DE NÚMERO DE CONTROL
campo de control ES-MaACL
005 - FECHA Y HORA DE LA ÚLTIMA TRANSACCIÓN
campo de control 20230906174826.0
007 - CAMPO FIJO DE DESCRIPCIÓN FÍSICA--INFORMACIÓN GENERAL
campo de control de longitud fija t|
008 - DATOS DE LONGITUD FIJA--INFORMACIÓN GENERAL
campo de control de longitud fija 041116s1945 sp ||||1| spa d
100 1# - ENTRADA PRINCIPAL--NOMBRE DE PERSONA
Nombre de persona Iribas de Miguel, Jesús.
9 (RLIN) 65461
245 10 - MENCIÓN DEL TÍTULO
Título Nociones de Geometría analítica /
Mención de responsabilidad, etc. Jesús Iribas de Miguel y José Juan Vila Rodríguez.
260 ## - PUBLICACIÓN, DISTRIBUCIÓN, ETC.
Lugar de publicación, distribución, etc. Madrid :
Nombre del editor, distribuidor, etc. [s.n.,
Fecha de publicación, distribución, etc. 1945] (
Lugar de fabricación/manufactura Dossat :
Fabricante Imp. Clásica Española)
300 ## - DESCRIPCIÓN FÍSICA
Extensión 490 p. :
Otras características físicas il. ;
Dimensiones 24 cm.
700 1# - ENTRADA AGREGADA--NOMBRE PERSONAL
Nombre de persona Vila Rodríguez, José Juan.
9 (RLIN) 114734
852 ## - LOCALIZACIÓN
Ubicación ES-MaACL
Número de control de estantería B-10728
Sublocalización o colección R.22230
Holdings
Estatus retirado Estado de pérdida Estado de daño No para préstamo Biblioteca de origen Biblioteca actual Ubicación en estantería Fecha de adquisición Fuente de adquisición Total de préstamos Signatura topográfica completa Código de barras Visto por última vez Precio de reemplazo Tipo de ítem Koha
        Biblioteca del Ateneo de Madrid Biblioteca del Ateneo de Madrid Sala Pardo Bazán 17/01/2008     B-10728 1087190 23/02/2023 23/02/2023 Libro impreso